00697nam a2200205Ia 4500003000900000008004100009040001600050080002000066100002500086245012300111260002800234300001400262650003100276650001900307650002700326700002300353942000700376999001300383952009500396IN-BaIIA211028s9999 xx 000 0 eng d cIIA Library a537.533.13bTHO aThomson, G. P.91868 0aTheory and practice of electron diffractioncG. P. Thomson and W. Cochrane  aLondonbMacmillanc1939 axi, 334p. aElectron diffraction91869 aNASA thesaurus aXray diffraction91870 aCochrane, W.91871 cBK c875d875 00104070aBANbBANcGENd0000-00-00l0o537.533.13/ THOp902r2021-11-05w0000-00-00yBK